00404nam a2200157 a 450000100060000000300090000600800410001502000150005604000280007108200160009911000300011524500250014526000420017030000080021265000260022013880CO-ViMGA141112s2004 ck r 000 u spa d a8425511607 aCO-ViMGAbspacCO-ViMGA04a798.2 B747m aThe British Horse Society10aManual de equitacion aBarcelona : bHispano Europea, c1992 a12814aEQUITACION - MANUALES